Statistiques concernant Paroles : Quand on a que l'amour - Jacques Brel

Cliquez ici pour prendre le quiz!

Statistiques générales

  • Ce quiz a été pris 914 fois
  • Le résultat moyen est 144 sur 185

Statistiques - réponses

Paroles% Correct
à
100%
a
100%
A
100%
La
100%
la
100%
on
100%
Quand
100%
Que
100%
que
100%
l'amour
99%
en
95%
En
95%
De
92%
de
92%
n'a
91%
Et
90%
et
90%
Pour
90%
partage
88%
le
87%
amour
86%
Au
86%
du
86%
jour
84%
Mon
84%
grand
82%
un
81%
moi
80%
voyage
80%
toi
78%
des
77%
offrir
74%
offrir
73%
nos
72%
notre
72%
chanson
70%
chaque
70%
Chaque
70%
monde
70%
s'offrir
70%
entier
69%
les
69%
Sans
68%
sans
68%
dans
67%
joie
67%
Nous
67%
Qu'est
67%
unique
66%
heure
64%
rien
64%
raison
62%
Alors
61%
force
61%
aurons
60%
autre
60%
avoir
60%
d'aimer
60%
mains
60%
Amis
59%
toujours
59%
faubourgs
58%
matin
58%
qu'une
57%
Troubadour
55%
Pauvres
54%
tambour
54%
laideur
53%
nulle
53%
richesse
53%
aux
52%
combat
52%
croire
52%
qu'éclatent
52%
simple
52%
Terre
52%
carrefour
51%
d'y
51%
Est
51%
malandrins
51%
secours
51%
prière
50%
velours
50%
habiller
49%
promesses
47%
canons
46%
ceux-là
45%
merveilles
45%
soleil
45%
convaincre
44%
manteaux
44%
chercher
43%
maux
43%
couvrir
42%
l'unique
41%
parler
41%
vivre
41%
Dont
40%
destin
36%
meubler
31%
forcer
30%
chemin
29%
tracer
24%

Distribution des résultats

Percentile par nombre de réponses

% des personnes avec chaque résultat

Votre développement - résultats

Vous n’avez pas pris ce quiz